00427nam a2200145Ia 4500008004100000020001800041082001800059100001700077245005500094250000600149260004400155300001000199500002900209650004300238120629s9999 xx 000 0 und d a968-16-4086-1 a330.153 R749h aRoll, Eric  aHistoria de las doctrinas económicas / Eric Roll a3 aMéxico : Fondo de Cultura Económica a581 p aConclusión e índices a1. ECONOMIA \ 2. ECONOMIA-HISTORIAÌ